Terminologie logistiky. 9

Základná terminológia používaná v logistike (T - Ž).

Gespeichert in:
Bibliographische Detailangaben
Format: Buchkapitel
Sprache:Tschechisch
Schlagworte:
Tags: Tag hinzufügen
Keine Tags, Fügen Sie das erste Tag hinzu!

MARC

LEADER 00000naa a2200000 4500
001 r026659
005 20230922090126.5
041 0 |a cze 
044 |a CZ 
245 1 0 |a Terminologie logistiky. 9 
520 |a Základná terminológia používaná v logistike (T - Ž). 
610 2 0 |a logistika 
610 2 0 |a pojmy 
610 2 0 |a terminológia